| 000 | 00961nam a22002417i 4500 | ||
|---|---|---|---|
| 999 |
_c22726 _d22726 |
||
| 003 | AR-CdUCM | ||
| 008 | 231018b20172017pe ad||| |||| 001 0 spa d | ||
| 040 |
_aMUNICIPALIDAD PROVINCIAL DEL CUSCO _cBIBLIOTECA MUNICIPAL DEL CUSCO |
||
| 041 | _hspa | ||
| 082 |
_a985.613 / M8Q _bM8Q |
||
| 100 |
_aQuispe soto, Rómulo _948970 |
||
| 245 |
_bUna visión panorámica del desarrollo histórico de Mosoq Llacta / _aHistoria de Mosoq Llacta : |
||
| 260 |
_aSicuani-Cusco : _c2017. |
||
| 300 |
_a251 páginas. : _c20 cm. |
||
| 500 | _zBibliografía: página 249 | ||
| 505 | _aUbicación de Mosoq Llaqta -- Origen de las cuatro lagunas -- Los ayllus -- Qapaq ñan -- Mosoq Llacta en la época colonial -- Costumbres y tradiciones -- Gastronomía | ||
| 650 |
_aCuatro lagunas _949174 |
||
| 650 |
_a Periodo republicano _915908 |
||
| 650 |
_aMosoq Llacta epoca colonial _949176 |
||
| 650 |
_aQ'apaqñan _949177 |
||
| 942 |
_2ddc _cLIBROS |
||
| 945 |
_apebm _d2023-10-18 |
||